Cloud Computing

Na minha lista:
Detalhes bibliográficos
Autor principal: Dorčák, Branislav (Author)
Outros Autores: Baroňák, Ivan (Thesis advisor)
Formato: Manuscrito Livro
Idioma:eslovaco
Publicado em: Bratislava : STU v Bratislave FEI, 2023
Assuntos:
Acesso em linha:https://opac.crzp.sk/?fn=detailBiblioFormChildK2DI2&sid=32866E47BC3455BDB3F47CCEA70C&seo=CRZP-detail-kniha
Tags: Adicionar Tag
Sem tags, seja o primeiro a adicionar uma tag!

MARC

LEADER 00000ntm a22000003a 4500
001 stuzp92058
003 SK-STU
005 20241120084709.4
007 ta
008 150427s2015----xo-----f-mn---000-0-slo-d
040 |a STU  |b slo 
041 0 |a slo 
044 |a xo 
100 1 |a Dorčák, Branislav  |u 037000  |4 aut  |U FEI Fakulta elektrotechniky a informatiky  |T FEI Ústav multimediálnych informačných a komunikačných technológií  |X 92009  |U E070  |Y 818  |7 92009 
242 0 1 |a Cloud Computing  |y eng 
245 1 0 |a Cloud Computing 
260 |a Bratislava :  |b STU v Bratislave FEI,  |c 2023 
300 |a 51 s. 
650 4 |a Cloud Computing  |2 slo 
650 4 |a Google Cloud Platform  |2 slo 
650 4 |a Dataproc  |2 slo 
650 4 |a HDInsight  |2 slo 
650 4 |a Elastic MapReduce  |2 slo 
650 4 |a Big Data  |2 slo 
650 4 |a veľké dáta  |2 slo 
650 4 |a analýza  |2 slo 
650 4 |a Microsoft Azure  |2 slo 
650 4 |a Amazon Web Services  |2 slo 
650 4 |a Amazon Web Services  |2 eng 
650 4 |a Google Cloud Platform  |2 eng 
650 4 |a Microsoft Azure  |2 eng 
650 4 |a Big Data  |2 eng 
650 4 |a HDInsight  |2 eng 
650 4 |a Elastic MapReduce  |2 eng 
650 4 |a Cloud Computing  |2 eng 
650 4 |a analysis  |2 eng 
650 4 |a Dataproc  |2 eng 
700 1 |a Baroňák, Ivan  |u 037000  |k Z1  |4 ths  |U FEI Fakulta elektrotechniky a informatiky  |T FEI Ústav multimediálnych informačných a komunikačných technológií  |X 1925  |U E070  |Y 818  |7 A000001925 
856 4 |u https://opac.crzp.sk/?fn=detailBiblioFormChildK2DI2&sid=32866E47BC3455BDB3F47CCEA70C&seo=CRZP-detail-kniha